000 00717nam a2200217 a 4500
001 BRCA_1045
005 20190320203245.0
008 100408s2005----mx-a---###---#000-0#spa-#
020 _a9709863029
050 4 _aNK2117
_b.A78 2005
245 1 0 _aEl arte en las mesas de México
_ctextos Beba Decanini de Quijano ; fotografía Pablo Esteva.
260 _aMéxico
_bMéxico Desconocido : Sivam
_c2005
300 _a213 p.
_bil. a color
_c31 cm.
500 _aIncluye glosario
650 1 4 _aDecoración de interiores
_xComedores
_zMéxico
_93448
650 1 4 _aVajillas
_zMéxico
_93449
650 1 4 _aCubiertos
_zMéxico
_93450
700 1 _aDecanini de Quijano, Beba
_93451
700 1 _aEsteva, Pablo
_93452
942 _2lcc
_cB
999 _c924
_d924